000 00447nam a22001697a 4500
003 LK-CoMWRAF
005 20230928231454.0
008 230928b |||||||| |||| 00| 0 eng d
040 _aLK-CoMWRAF
_dLK-CoMWRAF
_eLK-CoMWRAF
041 _aeng
082 _a297
_bLLA
100 _aLlah, Baha'U'
245 _aThe Kitab-I-Iqan :
_bThe book of certitude
260 _aU. S. A. :
_bNational spiritual assembly,
_c1931
650 _aIslam
942 _cBK
999 _c3737
_d3737